[Event "Chiemgau Seniors Cup 1st"]
[Site "Bergen"]
[Date "2005.10.16"]
[Round "6"]
[White "Fassmann, Kurt"]
[Black "Stadler, Lothar"]
[Result "1-0"]
[WhiteElo "2065"]
[BlackElo "1799"]
[PlyCount "71"]
[EventDate "2005.10.11"]
[EventType "swiss"]
[EventRounds "9"]
[EventCountry "GER"]
[SourceTitle "EXT 2007"]
[Source "ChessBase"]
[SourceDate "2006.11.23"]
[SourceVersion "1"]
[SourceVersionDate "2006.11.23"]
[SourceQuality "1"]

1. d4 Nf6 2. Bg5 e6 3. Nf3 h6 4. Bh4 c5 5. e3 Nc6 6. c3 d5 7. Nbd2 cxd4 8. exd4 Be7 9. Bd3 Bd7 10. Qe2 a6 11. 0-0 g5 12. Bg3 Nh5 13. Ne5 Nxg3 14. fxg3 Nxe5 15. Qxe5 f6 16. Qe2 h5 17. Rf2 Rh6 18. Nf3 Qb6 19. Qc2 0-0-0 20. Kh1 Kb8 21. Re2 Qd6 22. Rae1 g4 23. Nh4 Bf8 24. Qd2 Bg7 25. Qf4 e5 26. dxe5 fxe5 27. Qg5 Rf8 28. Qxg7 e4 29. Bxe4 dxe4 30. Rxe4 Rhf6 31. Rg1 Qd1 32. Qxf8+ Rxf8 33. Rxd1 Bc6 34. Re2 Kc7 35. Kg1 Rf6 36. Rf2 1-0

[Event "Chiemgau Seniors Cup 1st"]
[Site "Bergen"]
[Date "2005.10.15"]
[Round "5"]
[White "Kunte, Herbert"]
[Black "Stadler, Lothar"]
[Result "1/2-1/2"]
[WhiteElo "1982"]
[BlackElo "1799"]
[PlyCount "56"]
[EventDate "2005.10.11"]
[EventType "swiss"]
[EventRounds "9"]
[EventCountry "GER"]
[SourceTitle "EXT 2007"]
[Source "ChessBase"]
[SourceDate "2006.11.23"]
[SourceVersion "1"]
[SourceVersionDate "2006.11.23"]
[SourceQuality "1"]

1. d4 f5 2. Nc3 Nf6 3. Nf3 e6 4. a3 Be7 5. e3 b6 6. Bd3 Bb7 7. Qe2 a5 8. e4 fxe4 9. Nxe4 0-0 10. c4 c5 11. Bd2 Na6 12. Bc3 Nc7 13. dxc5 bxc5 14. Bxf6 gxf6 15. Qe3 f5 16. Nxc5 f4 17. Nxb7 fxe3 18. Nxd8 exf2+ 19. Kxf2 Bc5+ 20. Ke2 Raxd8 21. Rhf1 d5 22. Ne5 dxc4 23. Bxc4 Rd4 24. Rxf8+ Bxf8 25. Ke3 Bc5 26. Kf3 Bd6 27. Re1 Bxe5 28. Bxe6+ Nxe6 1/2-1/2

[Event "Chiemgau Seniors Cup 1st"]
[Site "Bergen"]
[Date "2005.10.12"]
[Round "3"]
[White "Scheuerlein, Gerhard"]
[Black "Stadler, Lothar"]
[Result "0-1"]
[WhiteElo "1942"]
[BlackElo "1799"]
[PlyCount "69"]
[EventDate "2005.10.11"]
[EventType "swiss"]
[EventRounds "9"]
[EventCountry "GER"]
[SourceTitle "EXT 2007"]
[Source "ChessBase"]
[SourceDate "2006.11.23"]
[SourceVersion "1"]
[SourceVersionDate "2006.11.23"]
[SourceQuality "1"]

1. Nf3 Nf6 2. c4 e6 3. Nc3 c6 4. g3 d5 5. cxd5 cxd5 6. d4 Be7 7. Bg2 Nc6 8. 0-0 h6 9. a3 a6 10. Qd3 Bd7 11. Ne5 Bd6 12. b4 Nxe5 13. dxe5 Bxe5 14. f4 Bb5 15. Nxb5 Bxa1 16. Bd2 Qb6+ 17. e3 Qxb5 18. Qxb5+ axb5 19. Rxa1 Ne4 20. Be1 Kd7 21. Bf1 Nd6 22. Bc3 f6 23. Bd3 Rhc8 24. Bd2 Rc6 25. Kg2 Nc4 26. Bxc4 Rxc4 27. Kf3 Rc2 28. Ke2 Rb2 29. h4 Rc8 30. Kd3 e5 31. fxe5 fxe5 32. Bc3 Rb3 33. Rc1 Rxa3 34. Kd2 Ra2+ 35. Kd1 0-1

[Event "Bayern-ch Seniors 17th"]
[Site "Schloss Schney"]
[Date "2005.06.18"]
[Round "9"]
[White "Stadler, Lothar"]
[Black "Scheuerlein, Gerhard"]
[Result "0-1"]
[WhiteElo "1813"]
[BlackElo "1696"]
[PlyCount "118"]
[EventDate "2005.06.10"]
[EventType "swiss"]
[EventRounds "9"]
[EventCountry "GER"]
[SourceTitle "EXT 2006"]
[Source "ChessBase"]
[SourceDate "2005.11.24"]
[SourceVersion "1"]
[SourceVersionDate "2005.11.24"]
[SourceQuality "1"]

1. e4 e6 2. Nf3 d5 3. exd5 exd5 4. d4 Bd6 5. h3 Ne7 6. Bd3 0-0 7. 0-0 Bf5 8. Bg5 f6 9. Be3 Qd7 10. Bxf5 Nxf5 11. Qd3 Nxe3 12. Qxe3 Na6 13. Qb3 c6 14. a3 Rfe8 15. Nbd2 Re7 16. Qd3 Nc7 17. b3 Rae8 18. c4 Ne6 19. Qf5 Bb8 20. cxd5 cxd5 21. Rfe1 Qd6 22. Nf1 Nxd4 23. Rxe7 Nxf3+ 24. Qxf3 Rxe7 25. Rd1 Rd7 26. Rd4 Qe5 27. Qd3 Bc7 28. Ne3 Bb6 29. Rxd5 Rxd5 30. Qxd5+ Qxd5 31. Nxd5 Bd4 32. Kf1 Kf7 33. Ke2 g5 34. f3 Ke6 35. Nb4 Bb2 36. a4 Ba3 37. Nc2 Bb2 38. g4 f5 39. Ne3 fxg4 40. fxg4 Bc1 41. Nc4 Kd5 42. Kd3 Kc5 43. Kc3 Bf4 44. b4+ Kd5 45. Kd3 Bg3 46. Na5 b6 47. Nc4 Be1 48. Ne3+ Ke5 49. b5 Bb4 50. Nc2 Bc5 51. Ke2 Kf4 52. Ne1 h6 53. Nd3+ Ke4 54. Nxc5+ bxc5 55. a5 Kd5 56. b6 axb6 57. a6 Kc6 58. Kd3 b5 59. Ke4 Kb6 0-1

[Event "Bayern-ch Seniors 17th"]
[Site "Schloss Schney"]
[Date "2005.06.15"]
[Round "6"]
[White "Schmidt, Wolfgang4444"]
[Black "Stadler, Lothar"]
[Result "1/2-1/2"]
[WhiteElo "1606"]
[BlackElo "1813"]
[PlyCount "120"]
[EventDate "2005.06.10"]
[EventType "swiss"]
[EventRounds "9"]
[EventCountry "GER"]
[SourceTitle "EXT 2006"]
[Source "ChessBase"]
[SourceDate "2005.11.24"]
[SourceVersion "1"]
[SourceVersionDate "2005.11.24"]
[SourceQuality "1"]

1. Nf3 Nf6 2. g3 c5 3. c3 e6 4. d4 b6 5. Bg2 Bb7 6. Bg5 Be7 7. Bxf6 Bxf6 8. e3 d6 9. 0-0 Qc7 10. Re1 Nd7 11. Nbd2 g5 12. Nf1 h5 13. N3d2 Bxg2 14. Kxg2 0-0-0 15. Rc1 Rdg8 16. h3 Bd8 17. e4 Nf8 18. a4 Kb8 19. b4 c4 20. Qe2 d5 21. exd5 exd5 22. Qe5 Ne6 23. Kh2 h4 24. Qxc7+ Bxc7 25. Kg2 hxg3 26. fxg3 Rh6 27. Ne3 Rgh8 28. Rh1 Bf4 29. Ndf1 Bxe3 30. Nxe3 Nc7 31. Rcf1 Re8 32. Rf3 Rhe6 33. Re1 R8e7 34. Kf2 Ne8 35. Ng2 Nf6 36. Rxe6 Rxe6 37. Kf1 Ne4 38. Re3 f5 39. h4 f4 40. gxf4 gxf4 41. Re1 Rh6 42. Rc1 f3 43. Ne1 Rf6 44. Nc2 Rh6 45. Ne1 Rf6 46. Nc2 Nxc3 47. Ne3 Ne2 48. Ra1 Ng3+ 49. Kf2 Ne4+ 50. Kf1 Rf4 51. Nxd5 Rxh4 52. Kg1 f2+ 53. Kg2 Rg4+ 54. Kh2 Rg1 55. Rxg1 fxg1Q+ 56. Kxg1 Kc8 57. Kf1 Kd7 58. Ke2 Kd6 59. Ne3 Nc3+ 60. Kd2 Nxa4 1/2-1/2